000 00696nam a2200205 4500
001 177530
003 ES-MaACL
005 20230906220346.0
008 110330s2006 sp |||| | spa d
020 _a978-84-01-37939-0
080 _a177.63(091)
100 1 _aMerino, Ignacio.
_980516
245 1 0 _aElogio de la amistad
_b: una historia de la amistad desde la Antigüedad hasta nuestros días /
_cIgnacio Merino.
250 _a1ª ed.
260 _a[Barcelona] :
_bPlaza & Janés,
_c2006.
300 _a221 p. ;
_c24 cm.
650 0 7 _aAmistad-
_vHistoria.
_9145923
650 4 _aRelaciones humanas.
_916782
852 _aES-MaACL
_jL-7589
_z. - cart.
_z. - Dedicatoria autógrafa del autor
999 _c177530
_d177530